000 00267nam a22001217a 4500
008 171025b xxu||||| |||| 00| 0 eng d
041 _aeng
080 _a331
100 _a55
101 _aSTA
245 _aRESEARCH METHODS AND STATISTICS
_cHY,R.J
942 _2udc
_cBK
999 _c35961
_d35961